000 00780nam a2200289Ia 4500
001 34243
003 IT-RoPAU
008 130308s9999 xx 000 0 und d
040 _aIT-RoPAU
040 _cIT-RoPAU
041 _aITALIANO
100 _aPiccinato Stefania
100 _gCodice Aut. SPICS: 15187
245 _aPer una lettura dialogica del romanzo jamesiano
245 _bDialogo (Il)-Scambi e Passaggi della Parola
250 _a1a ed.
260 _aPALERMO
260 _bSellerio
260 _c1985 [1° Ed.:1985 - Ed.Ling.Originale:1985]
300 _a"14 p. (prefazione: no ; testo: 14 [pagine: 124-137])"
650 _aSAGGI DI LINGUISTICA
650 _eCodice materia Spics: 3207
942 _cBK
957 _71
999 _c40165
_d40165
999 _bSI
999 _g1